000 01421cad a22002535a 4500
001 E148757
008 091104s2009 xxk f s000 0 eng d
020 _a9780755991334
035 _a(Sirsi) u148757
041 0 _aeng
050 0 4 _a630.0269411 $2 18
110 2 _aScotland
_bScottish Government
_95344
245 0 0 _aDraft Crofting Reform Bill (2009)
_banalysis of consultation responses
_h[electronic resource]
260 _aEdinbugh
_bScottish Government
_c2009
505 2 _aExecutive summary -- Introduction: background; consultation process; methodology -- Reform of Crofters Commission -- Crofting register -- Standard securities -- Occupancy requirement -- Other changes to crofting regulation -- Additional comments -- Annex A link to written responses -- Annex B link to minutes of public meetings
520 _aDiscusses the results of a consultation on the draft Crofting Reform Bill (see E147521). Issues discussed include: reform of the Crofters' Commission; the crofting register; standard securities; occupancy requirement; and crofting regulation.
521 _aAdvanced
590 _aKA
650 2 4 _aDRAFT CROFTING REFORM (SCOTLAND) BILL
651 4 _aScotland
_y1999-
690 _aENVIRONMENTAL AND LAND CONSULTANCY-AGRIBUSINESS-AGRICULTURE
856 4 0 _uhttps://www.scotland.gov.uk/Publications/2009/11/03094225/0
_zView the report free of charge at www.scotland.gov.uk...
942 _n0
999 _c110208
_d110208